书目信息 |
| 题名: |
公路隧道土建结构养护
|
|
| 作者: | 秦峰 , 程崇国 编著 | |
| 分册: | ||
| 出版信息: | 北京 人民交通出版社股份有限公司 2019.07 |
|
| 页数: | 180页 | |
| 开本: | 24cm | |
| 丛书名: | 公路养护工程师学习丛书 | |
| 单 册: | ||
| 中图分类: | U459.2 | |
| 科图分类: | ||
| 主题词: | 公路隧道--gong lu sui dao--土木工程 | |
| 电子资源: | ||
| ISBN: | 978-7-114-15571-0 | |
| 000 | 01213nam 2200289 450 | |
| 001 | 0100015488 | |
| 005 | 20201024210217.0 | |
| 010 | @a978-7-114-15571-0@dCNY60.00 | |
| 100 | @a20190917d2019 em y0chiy50 ea | |
| 101 | 0 | @achi |
| 102 | @aCN@b110000 | |
| 105 | @aa a 000yy | |
| 106 | @ar | |
| 200 | 1 | @a公路隧道土建结构养护@Agong lu sui dao tu jian jie gou yang hu@d= Civil structure maintenance of highway tunnel@f秦峰, 程崇国编著@zeng |
| 210 | @a北京@c人民交通出版社股份有限公司@d2019.07 | |
| 215 | @a180页@c彩图@d24cm | |
| 225 | 2 | @a公路养护工程师学习丛书@Agong lu yang hu gong cheng shi xue xi cong shu |
| 320 | @a有书目 (第180页) | |
| 330 | @a本书介绍了公路隧道土建结构养护相关知识。全书共8章, 主要包括公路隧道基本知识, 土建结构常见病害及质量缺陷, 土建结构清洁维护、结构检查、保养维修相关内容及常见病害处治方法, 公路隧道养护相关法律法规、技术规范简介。 | |
| 410 | 0 | @12001 @a公路养护工程师学习丛书 |
| 510 | 1 | @aCivil structure maintenance of highway tunnel@zeng |
| 606 | 0 | @a公路隧道@Agong lu sui dao@x土木工程 |
| 690 | @aU459.2@v5 | |
| 701 | 0 | @a秦峰@Aqin feng@4编著 |
| 701 | 0 | @a程崇国@Acheng chong guo@4编著 |
| 801 | 0 | @aCN@c20190917 |
| 905 | @a河南城建学院图书馆@dU459.2@f1@eQ402 | |
| 公路隧道土建结构养护= Civil structure maintenance of highway tunnel/秦峰, 程崇国编著.-北京:人民交通出版社股份有限公司,2019.07 |
| 180页:彩图;24cm.-(公路养护工程师学习丛书) |
| ISBN 978-7-114-15571-0:CNY60.00 |
| 本书介绍了公路隧道土建结构养护相关知识。全书共8章, 主要包括公路隧道基本知识, 土建结构常见病害及质量缺陷, 土建结构清洁维护、结构检查、保养维修相关内容及常见病害处治方法, 公路隧道养护相关法律法规、技术规范简介。 |
| ● |
| 相关链接 |
|
|
|
正题名:公路隧道土建结构养护
索取号:U459.2/Q402
 
预约/预借
| 序号 | 登录号 | 条形码 | 馆藏地/架位号 | 状态 | 备注 |
| 1 | 1496880 | 214968800 | 自科库501/501自科库 85排2列1层/ [索取号:U459.2/Q402] | 在馆 |